<?xml version="1.0" encoding="UTF-8"?>
<record
    xmlns:xsi="http://www.w3.org/2001/XMLSchema-instance"
    xsi:schemaLocation="http://www.loc.gov/MARC21/slim http://www.loc.gov/standards/marcxml/schema/MARC21slim.xsd"
    xmlns="http://www.loc.gov/MARC21/slim">

  <leader>00462    a2200169   4500</leader>
  <controlfield tag="003">OSt</controlfield>
  <controlfield tag="005">20240202153013.0</controlfield>
  <controlfield tag="008">240202b        |||||||| |||| 00| 0 eng d</controlfield>
  <datafield tag="040" ind1=" " ind2=" ">
    <subfield code="c">oclc</subfield>
  </datafield>
  <datafield tag="082" ind1=" " ind2=" ">
    <subfield code="a">910</subfield>
    <subfield code="b">SAJ/S</subfield>
  </datafield>
  <datafield tag="100" ind1=" " ind2=" ">
    <subfield code="a">Sajay, K V</subfield>
    <subfield code="9">6880</subfield>
  </datafield>
  <datafield tag="245" ind1=" " ind2=" ">
    <subfield code="a">Suryanu Thazhe /</subfield>
    <subfield code="c">Guy De Maupassant</subfield>
  </datafield>
  <datafield tag="250" ind1=" " ind2=" ">
    <subfield code="a">1st ed.</subfield>
  </datafield>
  <datafield tag="260" ind1=" " ind2=" ">
    <subfield code="a">Kozhikode:</subfield>
    <subfield code="b">OliveP ublications,</subfield>
    <subfield code="c">2017.</subfield>
  </datafield>
  <datafield tag="300" ind1=" " ind2=" ">
    <subfield code="a">106p.</subfield>
  </datafield>
  <datafield tag="942" ind1=" " ind2=" ">
    <subfield code="2">ddc</subfield>
    <subfield code="c">BK</subfield>
    <subfield code="h">910</subfield>
    <subfield code="i">SAJ/S</subfield>
    <subfield code="k">910</subfield>
    <subfield code="m">SAJ/S</subfield>
  </datafield>
  <datafield tag="952" ind1=" " ind2=" ">
    <subfield code="0">0</subfield>
    <subfield code="1">0</subfield>
    <subfield code="2">ddc</subfield>
    <subfield code="4">0</subfield>
    <subfield code="7">0</subfield>
    <subfield code="8">GEOGRAPHY &amp; TRAVEL</subfield>
    <subfield code="a">MES</subfield>
    <subfield code="b">MES</subfield>
    <subfield code="c">MAL</subfield>
    <subfield code="d">2024-02-02</subfield>
    <subfield code="l">0</subfield>
    <subfield code="o">910 SAJ/S</subfield>
    <subfield code="p">45104</subfield>
    <subfield code="r">2024-02-02 13:01:40</subfield>
    <subfield code="v">100.00</subfield>
    <subfield code="w">2024-02-02</subfield>
    <subfield code="y">BK</subfield>
    <subfield code="z">GR34R2</subfield>
  </datafield>
  <datafield tag="999" ind1=" " ind2=" ">
    <subfield code="c">44255</subfield>
    <subfield code="d">44255</subfield>
  </datafield>
</record>
